Estatísticas para 15 Sites mais acessados no Brasil

Clique aqui para jogar o quiz

Estatísticas Gerais

  • Esse quiz foi jogado 1 647 vezes
  • A pontuação média é 7 de 15

Estatísticas das Respostas

PosiçãoSite% Correto
Facebook
91%
Google
90%
Youtube
75%
10°Twitter
70%
Globo
69%
15°Xvideos
57%
Uol
56%
13°Instagram
51%
Yahoo
49%
Wikipedia
27%
14°Americanas
24%
Mercado Livre
24%
11°Msn
12%
12ºAbril
4%
Live
3%

Distribuição das Pontuações

Percentil de Números Respondidos

Porcentagem de Pessoas com Cada Pontuação

Sua Pontuação Histórica

Você não jogou esse quiz